000 00738nam a2200265Ia 4500
003 OSt
005 20220918220627.0
006 a|||||r|||| 00| 0
007 ta
008 220917b |||||||| |||| 00| 0 eng d
024 _a146,591
037 _cTextual
040 _aARTS
_cARTS
_beng
041 _2eng
_aeng
082 _aY49v3,N5<-M5, N4
100 _aSavage Mike
_9137941
245 0 _aRemaking of the British Working class 1840-1940
260 _aLondon
_bRoutledge
_c1994
300 _axi, 105p.
_ccm.
490 _aHistorical Connections
650 _aSOCIOLOGY
700 _a Miles Andrew
_9137942
942 _hY49v3,N5<-M5, N4
_cTEXL
_2CC
999 _c269347
_d269347